Science and behavior: An introduction to methods of research (Record no. 1377560)

MARC details
000 -LEADER
fixed length control field 00798nam a2200253Ia 4500
005 - DATE AND TIME OF LATEST TRANSACTION
control field 20250508162610.0
008 - FIXED-LENGTH DATA ELEMENTS--GENERAL INFORMATION
fixed length control field 008 250505s9999 xx 000 0 eng d
020 ## - INTERNATIONAL STANDARD BOOK NUMBER
International Standard Book Number 0-13-795139-6
037 ## - SOURCE OF ACQUISITION
Stock number Books to be hide in OPAC
040 ## - CATALOGING SOURCE
Original cataloging agency FEDL
Language of cataloging eng
Transcribing agency FEDL
041 ## - LANGUAGE CODE
Language code of text/sound track or separate title eng
Source of code eng
084 ## - COLON CLASSIFICATION NUMBER
Classification number 001.42, NEA
Assigning agency FEDL
100 ## - MAIN ENTRY--PERSONAL NAME
Personal name Neale John M
245 #0 - TITLE STATEMENT
Title Science and behavior: An introduction to methods of research
250 ## - EDITION STATEMENT
Edition statement 3
260 ## - PUBLICATION, DISTRIBUTION, ETC.
Place of publication, distribution, etc. Englewood Cliffs, New Jersey, USA
Name of publisher, distributor, etc. Prentice - Hall
Date of publication, distribution, etc. 1986
300 ## - PHYSICAL DESCRIPTION
Extent xii,324p
365 ## - TRADE PRICE
Price type code USD
Price amount 31.95
490 ## - SERIES STATEMENT
Series statement Prentice - Hall series in social learning theory
650 ## - SUBJECT ADDED ENTRY--TOPICAL TERM
Topical term or geographic name entry element Social Science- Research-Methodology
9 (RLIN) 773555
700 ## - ADDED ENTRY--PERSONAL NAME
Personal name Liebert Robert M
9 (RLIN) 773556
942 ## - ADDED ENTRY ELEMENTS (KOHA)
Koha item type Books to be hide in OPAC
Classification part 001.42, NEA
Holdings
Withdrawn status Lost status Damaged status Not for loan Home library Current library Date acquired Cost, normal purchase price Total Checkouts Full call number Barcode Date last seen Price effective from Koha item type
        Department of Education Library Department of Education Library 2025-05-08 31.95   001.42, NEA EL0070048 2025-05-08 2025-05-08 Books to be hide in OPAC
Copyright @ Delhi University Library System